1200 1648 1908 1828 1853 1437 1365 1551 1692 1989 1734 1585 1324 1172 1205 1672 1921 1441 1643 1806 1922 1574 1976 1997 1163 1282 1270 1262 1073 1360 1651 1684 1351 1401 1395 1490 1448 1603 1188 1090 1586 1248 1239 1451 1946 1591 1843 1169 1400 1188 1777 1112 1742 1648 1315 1281 1110 1757 1041 1663 1017 1584 1530 1054 1323 1726 1921 1324 1553 1593 1710 1770 1404 1171 1734 1432 1088 1612 1769 1549 1910 1191 1112 1492 1487 1535 1959 1018 1831 1809 1023 1315 1257 1732 1594 1118 1555 1332 1825 BCNSPRNW ULIB Ver.6.0+V

เปลี่ยนเป็นภาษาไทย

Change to English
 แสดงรายละเอียดบรรณานุกรม
  กลับหน้าหลัก

Brief Record : Get Marc (ISO 2709) : E-mail record : QR code < ปิดหน้าต่าง
LEADER : 00000nam 2200000uu 4500
001    13399121021
003     ULIB
008    121030s2548||||th 000 0 tha d
020    ^a9789749297964
020    ^a9749297962
040    ^abic
050  4 ^aHF62.5^bว634ร
100 0  ^aวิบูลย์ จุง
245 10 ^aรับมือกับงาน จัดการกับคน /^cวิบูลย์ จุง
250    ^aพิมพ์ครั้งที่ 2
260    ^aกรุงเทพฯ :^bbrain infinlty,^c2548
300    ^a159 หน้า :^bภาพประกอบ ;^c22 ซม.
650  4 ^aการบริหารงานบุคคล
945    ^p125^l0^i15206
995    ^aทศพร
999    ^aทศพร เกษรทอง
รายการนี้ยังไม่มีแท็ก
คุณยังไม่ได้ล็อกอิน คุณสามารถมีกิจกรรมร่วมกับเว็บไซต์ได้ แต่ต้องล็อกอินก่อน ::
  ล็อกอิน

รายการสื่อสารสนเทศ

ลำดับที่ ประเภท เลขเรียก/บาร์โค้ด สถานที่ สถานะ
1. วิทยาศาสตร์การแพทย์ และสุขภาพ
วิทยาศาสตร์การแพทย์ และสุขภาพ
HF62.5 ว634ร ฉ.1 
  Barcode: 15206
ห้องสมุดวิทยาเขตสวรรค์ประชารักษ์
►หนังสือทั่วไป
บนชั้น

รายการใกล้เคียง
    ผู้แต่ง [วิบูลย์ จุง]

    หัวเรื่อง [การบริหารงานบุคคล]

BibComment


ยังไม่เคยถูกคอมเมนท์

คอมเมนท์ทรัพยากรรายการนี้
  คอมเมนท์: รับมือกับงาน จัด..


 Copyright 2026. Bcnsprnw @Library